| 000 | 01002nam a22003137a 4500 | ||
|---|---|---|---|
| 001 | 7680 | ||
| 003 | FISKH | ||
| 005 | 20250731083649.0 | ||
| 008 | 250731b cb ||||| |||| 00| 0 eng d | ||
| 020 | _a9781577685784 | ||
| 040 |
_aFISKH _beng _cFISKH _dFISKH |
||
| 050 | _aPZ7.M462 H | ||
| 082 | _a546 | ||
| 100 | _aMayer, Mercer | ||
| 245 |
_aHarvest time / _cBy Mercer Mayer |
||
| 260 |
_aGreensboro : _bGingham Dog Press , _c2004 . |
||
| 300 |
_a24 pages : _bcolor illustrations ; _c23 cm . |
||
| 490 |
_aFirst Reader _vLevel 3 |
||
| 505 | _aG | ||
| 520 | _aLittle Critter and his younger sister help their grandparents pick pumpkins and apples, take down the scarecrow, and do other chores at harvest time. | ||
| 521 | 8 |
_a350
_bLexile estimate |
|
| 521 | 8 |
_aG
_bRaz-Plus |
|
| 650 |
_aHarvesting _vFiction |
||
| 650 |
_aFarm life _vFiction |
||
| 650 |
_aGrandparents _vFiction |
||
| 650 |
_aBrothers and sisters _vFiction |
||
| 942 |
_2ddc _cBK _n0 |
||
| 999 |
_c7680 _d7680 |
||